Sheffield United Squad 2024-2025 - Statistics

General Stats
  • This quiz has been taken 29 times
    22 since last reset
  • The average score is 23 of 32
Answer Stats
# Position Nation Player % Correct
20 FW Chile Ben Brereton Díaz
95%
8 MF Netherlands Gustavo Hamer
95%
9 FW Wales Kieffer Moore
95%
1 GK England Michael Cooper
95%
15 DF Bosnia and Herzegovina Anel Ahmedhodžić
89%
- Coach England Chris Wilder
89%
6 DF Australia Harry Souttar
89%
21 MF Brazil Vini Souza
89%
33 DF Wales Rhys Norrington-Davies
84%
23 FW England Tyrese Campbell
84%
17 GK Wales Adam Davies
79%
10 MF England Callum O'Hare
79%
19 DF England Jack Robinson
79%
42 MF England Sydie Peck
79%
28 FW Ireland Tom Cannon
79%
22 MF England Tom Davies
79%
2 DF England Alfie Gilchrist
74%
38 DF England Femi Seriki
74%
24 MF Bangladesh Hamza Choudhury
74%
35 MF England Andre Brooks
63%
14 DF England Harrison Burrows
63%
18 DF England Harry Clarke
63%
11 FW England Jesurun Rak-Sakyi
63%
4 MF England Oliver Arblaster
63%
7 FW England Rhian Brewster
63%
39 FW Scotland Ryan Oné
63%
29 MF Mali Ismaila Coulibaly
58%
29 FW Peru Jefferson Cáceres
47%
3 DF England Sam McCallum
47%
5 DF England Rob Holding
37%
16 DF England Jamie Shackleton
26%
34 FW England Louie Marsh
16%
No matching quizzes found
Score Distribution
Percent of People with Each Score
Percentile by Number Answered
Your Score History
You have not taken this quiz since the last reset